000 00548nam a22001817a 4500
005 20231101073935.0
008 231101b |||||||| |||| 00| 0 eng d
020 _a9780409037692
041 _aEnglish
082 _a346.7 KLO
100 _aKlopper, HB
_lEnglish
245 _aThe Law of Third Party Compensation /
_cHB Klopper
250 _aSecond Edition
260 _aDurban :
_bLexisNexis,
_c2008
300 _bxxiii, 470 pages ;
_c25 cm.
_e2 Editions
650 _aLegal practice
_bLaw
942 _cBK
_6ALISON_BN_VRIES
999 _c204
_d204